| 000 | 00672nam a2200217Ia 4500 | ||
|---|---|---|---|
| 005 | 20250508165459.0 | ||
| 008 | 008 250505s9999 xx 000 0 eng d | ||
| 020 | _a978-81-8457-543-9 | ||
| 037 | _aTextBook | ||
| 040 |
_aFEDL _beng _cFEDL |
||
| 041 |
_aeng _2eng |
||
| 084 |
_a301.01, DAS/R _qFEDL |
||
| 100 | _aDas Veena Ed. | ||
| 245 | 0 | _aGround between: Abthropologists engage philosophy | |
| 260 |
_aNew Delhi, India _bOrient Blackswan Private Limited _c2014 |
||
| 300 | _aviii, 351p. | ||
| 365 |
_aINR _b995 |
||
| 700 |
_a Jackson Michael Ed. Kleinman Arthur and others Ed. _9780969 |
||
| 942 |
_cTB _h301.01, DAS/R |
||
| 999 |
_c1395345 _d1395345 |
||